Phân tích và luận giải các quy định của luật cạnh tranh về hành vi lạm dụng vị trí thống lĩnh thị trường, vị trí độc quyền để hạn chế cạnh tranh

Trình bày khái niệm hành vi lạm dụng vị trí thống lĩnh thị trường, vị trí độc quyền để hạn chế cạnh tranh. Các quy định về hành vi lạm dụng vị trí thống lĩnh thị trường để hạn chế cạnh tranh. Phương hướng đổi mới và hoàn thiện pháp luật cạnh tranh trong thời gian tới...

Full beskrivning

Sparad:
Bibliografiska uppgifter
Huvudupphovsman: Nguyễn, Như Phát
Övriga upphovsmän: Nguyễn Như Phát; Nguyễn Ngọc Sơn
Språk:Undetermined
Publicerad: Hà Nội Tư pháp 2006
Ämnen:
Taggar: Lägg till en tagg
Inga taggar, Lägg till första taggen!
Thư viện lưu trữ: Trung tâm Học liệu Trường Đại học Trà Vinh
LEADER 01172nam a2200241Ia 4500
001 TVU_4354
008 210423s9999 xx 000 0 und d
041 |a Vie 
082 |a 343.5970721 
082 |b Ph110 
100 |a Nguyễn, Như Phát 
245 0 |a Phân tích và luận giải các quy định của luật cạnh tranh về hành vi lạm dụng vị trí thống lĩnh thị trường, vị trí độc quyền để hạn chế cạnh tranh 
245 0 |c Nguyễn Như Phát, Nguyễn Ngọc Sơn 
260 |a Hà Nội 
260 |b Tư pháp 
260 |c 2006 
300 |a 326 tr. 
300 |c 21 cm 
504 |a Thư mục: tr.315-323 
520 |a Trình bày khái niệm hành vi lạm dụng vị trí thống lĩnh thị trường, vị trí độc quyền để hạn chế cạnh tranh. Các quy định về hành vi lạm dụng vị trí thống lĩnh thị trường để hạn chế cạnh tranh. Phương hướng đổi mới và hoàn thiện pháp luật cạnh tranh trong thời gian tới 
650 |a Cạnh tranh 
700 |a Nguyễn Như Phát; Nguyễn Ngọc Sơn 
980 |a Trung tâm Học liệu Trường Đại học Trà Vinh